| 000 | 01286cam a2200361 a 4500 | ||
|---|---|---|---|
| 999 |
_c523410 _d523410 |
||
| 001 | 12491043 | ||
| 003 | NUST | ||
| 005 | 20190215045738.0 | ||
| 008 | 010802s1999 cc a 000 0 eng | ||
| 010 | _a 2001530331 | ||
| 020 | _a7503918322 | ||
| 038 | _a0 | ||
| 040 |
_aDLC _cDLC |
||
| 041 | 1 |
_aeng _hchi |
|
| 043 | _aa-cc--- | ||
| 050 | 0 | 0 |
_aNX583.A1 _bZ46513 1999 vol. 9 _aPN1993.5.C4 |
| 082 | _a951 CHI | ||
| 100 | 1 |
_aZhang, Baiqing. _913680 |
|
| 240 | 1 | 0 |
_aZhongguo dian ying. _lEnglish |
| 245 | 1 | 0 |
_aChinese films and television plays / _cwriter Zhang Baiqing ; translator Zhu Chengyao. |
| 250 | _aBeijing di 1 ban. | ||
| 260 |
_aBeijing : _bCulture and Art Publishing House, _c1999. |
||
| 300 |
_a3, 183 p. : _bcol. ill. ; _c21 cm. |
||
| 490 | 1 |
_aChinese culture and art series ; _v9 |
|
| 541 | _5DLC. | ||
| 650 | 0 |
_aMotion pictures _zChina _xHistory _y20th century. _913681 |
|
| 700 | 1 |
_aZhu, Chengyao. _913682 |
|
| 830 | 0 |
_aZhongguo wen hua yi shu cong shu (Beijing, China). _lEnglish ; _v9. _913683 |
|
| 906 |
_a7 _bcbc _corignew _d2 _encip _f20 _gy-gencatlg |
||
| 942 |
_2ddc _cBK |
||
| 987 |
_aPINYIN _bDLC _dc |
||